| 000 | 00785nam a22001937a 4500 | ||
|---|---|---|---|
| 999 |
_c70009 _d70009 |
||
| 005 | 20200120112118.0 | ||
| 010 | _aB-472511 | ||
| 020 | _c135.00 | ||
| 035 | _aB-472511 | ||
| 037 | _bBPPD/Pub. | ||
| 082 | _a270 | ||
| 100 | _aطہ جا بر العلو ا نی | ||
| 245 |
_aتد بر قر آ ں کے اصو ل اور وسا عيل : _cطہ جا بر العلو انی _b(تد بر اور تد بير کی منہا جيا ت ) / |
||
| 246 |
_aTadabur-e-Qura,n Ke Usool Aur Wasayel (Urdu) / _bBy Taha Jabir AL-Alwani |
||
| 260 |
_aنئ دھلی _bقا ضی پبليشر ز اينڈ ڈ سٹر ی بيو ٹر ز _c2012 ء |
||
| 270 | _a 35- بی جضر ت نظا م ا لد ين،و يسٹ | ||
| 300 |
_a248 ص _c21cm(pbk) |
||
| 942 |
_2ddc _cUR _h270 _mط ہ ج |
||